[Event "Hamburg HSK"]
[Site "Hamburg"]
[Date "2011.01.04"]
[Round "4.1"]
[White "Lanka, Zigurds"]
[Black "Berger, Steve"]
[Result "1-0"]
[WhiteElo "2468"]
[BlackElo "2427"]
[Annotator "Albers,A"]
[PlyCount "91"]
[EventDate "2011.01.02"]
[EventType "tourn"]
[EventRounds "9"]
[EventCountry "GER"]
[EventCategory "7"]
[SourceTitle "CBM 140 Extra"]
[Source "ChessBase"]
[SourceDate "2011.03.01"]
[SourceVersion "1"]
[SourceVersionDate "2011.03.01"]
[SourceQuality "1"]

1. e4 e6 2. d4 d5 3. Nc3 Bb4 4. e5 c5 5. a3 Bxc3+ 6. bxc3 Ne7 7. Nf3 Bd7 8. Rb1
Qc7 9. Bf4 {das ist nun wirklich ein Originalkonzept von Zigurds. In der
Megabase finden sich nur 17 Partien mit dieser Stellung, davon 6 mal mit Lanka
als Weißspieler.} Ba4 10. Qd2 Nd7 11. Bd3 h6 12. h4 O-O-O (12... Rc8 13. h5 Nb6
14. O-O cxd4 15. cxd4 Qc3 16. Qe2 Nc6 17. Bc1 O-O 18. Bb2 Qa5 19. Nd2 Nc4 20.
Nxc4 dxc4 21. Bxc4 Qd8 22. Bd3 Ne7 23. c4 Nf5 24. d5 Qg5 25. f4 Qg3 26. Bxf5
exf5 27. Bd4 Qxa3 28. c5 Bb3 29. Qe3 {1-0 Lanka,Z (2521)-Vareille,F (2418)/
Cappelle la Grande 1999/EXT 2000}) 13. h5 Kb8 14. Rh3 Qa5 15. Kf1 Rc8 16. Rg3
c4 17. Be2 g5 18. hxg6 fxg6 19. Nh2 g5 20. Be3 Nf5 21. Rh3 Rcf8 22. Kg1 Nb6 23.
Ng4 Be8 24. Nf6 Qxa3 25. f4 Na4 26. Bf2 gxf4 27. Bg4 Ng7 28. Qxf4 h5 29. Qg5
Qe7 30. Be2 Nf5 31. Ra1 b5 32. Be1 Qg7 33. Qc1 Rxf6 34. exf6 Qxf6 35. Qf4+ Kb7
36. Bg3 Qd8 37. Bh2 Rf8 38. Qe5 Bd7 39. Bxh5 Rh8 40. Rf1 Ka6 41. g4 Ne7 42. Qf6
Nc6 43. Qxd8 Nxd8 44. Be5 Rg8 45. Rg3 Nc6 46. Bf7 1-0

[Event "RUS-Cup01 Chigorin Memorial"]
[Site "St Petersburg"]
[Date "1997.11.03"]
[Round "3"]
[White "Aseev, Konstantin N"]
[Black "Karpeshov, Oleg Mikhailovich"]
[Result "1-0"]
[WhiteElo "2545"]
[BlackElo "2430"]
[Annotator "Aseev,K"]
[PlyCount "82"]
[EventDate "1997.11.01"]
[EventType "swiss"]
[EventRounds "9"]
[EventCountry "RUS"]
[SourceTitle "CBM 062"]
[Source "ChessBase"]
[SourceDate "1998.01.31"]
[SourceVersion "1"]
[SourceVersionDate "1998.01.31"]
[SourceQuality "1"]

1. e4 e6 2. d4 d5 3. Nc3 Bb4 4. e5 Ne7 5. a3 Bxc3+ 6. bxc3 c5 7. Nf3 b6 8. Bb5+
Bd7 9. Bd3 h6 10. O-O c4 $146 11. Be2 Ba4 {/\ Kd7, Qg8-h7 (>< c2)} 12. g3 (12.
Nh4 g5 $6 (12... Nf5 $5 13. Nxf5 exf5 14. g4 Bd7 $13) (12... Ng6 $5) 13. Nf3 {
(/\ Ne1, f2-f4+/=)}) (12. Ne1 $5 {(/\ f4, g4, f5)}) 12... Kd7 13. Nh4 Qg8 14.
f4 Qh7 15. f5 g5 (15... exf5 16. Nxf5 Nxf5 17. Rxf5 Qxf5 18. Bg4 Bxc2 19. Qf3
Ke6 20. Ra2 $1 h5 21. Bxf5+ Bxf5 22. Rf2 Bg6 (22... g6 23. h3 {/\ g4}) 23. Qg2
$5 Nd7 24. Qh3+ Ke7 25. Bg5+ $16) (15... Nbc6 16. Bg4 $16 (16. g4)) 16. fxg6
fxg6 17. Bg4 (17. Rf6 $142 $1 g5 (17... Nbc6 18. Bg4 Nd8 19. Ng2 $5 (19. Ra2 $5
) (19. Be3 $4 g5 20. Bxe6+ Nxe6 21. Qg4 Qg8 $19) 19... g5 20. Ra2 (20. Ne3 $5
h5 21. Be2 g4 22. Ra2 {/\ Ng2}) 20... h5 21. Be2 $16) 18. Bg4 $1 gxh4 19. Bxe6+
Kd8 20. Rxh6 Qg7 (20... Qxh6 21. Bxh6 Rxh6 22. Qg4 $16 (22. Bxd5 $1 {(Fritz)}))
21. Qg4 $1 Rh7 (21... Qxg4 $2 22. Rxh8+) (21... Qf8 22. Qxh4 Rxh6 23. Bxh6 $18)
22. Qxh4 $1 Bxc2 23. Bxd5 $18) 17... Nf5 (17... g5 $4 18. Bxe6+ Kxe6 19. Qg4+)
(17... Nbc6 18. Rf6 $16) 18. Ng2 (18. Nxf5 gxf5 19. Bh5 $14) 18... Nc6 19. Nf4
(19. Qd2 $5 $14 {(/\ Bb2, Rf2, Raf1)}) (19. Qe2 $5 $14 {(/\ Be3)}) 19... Nce7 (
19... Raf8) 20. Rf2 (20. Qe2 Raf8 21. Rf2 (21. Bb2 {(/\ Rae1, Bc1)} h5 (21...
Ng7 22. h4 $5 (22. Nxd5 $5 Nxd5 23. Qxc4 Bc6 24. Qd3 {(/\ c4, d5)} (24. Qa6 $2
g5 $1 25. Qxa7+ Nc7 $19)) (22. Qg2 $5 $13) 22... h5 (22... g5 $140 23. Nxe6
Nxe6 24. Rf6 Rxf6 25. exf6 Nf5 26. Rf1 $40) 23. Bh3 g5 24. hxg5 Bxc2 $13) 22.
Bf3 h4 23. g4 Nxd4 (23... Ng3 $2 24. hxg3 hxg3 25. Bc1 Qh2+ 26. Qxh2 Rxh2 27.
Be3 $18 (27. Ng2 $5 {(/\ Rfh8 28.Ne1 +-)}) 27... Rxc2 $4 28. Bd1) 24. cxd4 Rxf4
25. Bc1 Rf7 (25... Rxd4 $2 26. Be3 Nc6 27. Qf2 Re4 28. Bxe4 dxe4 29. Bxb6 $5
$13 (29. Qd2+ $5 $16)) 26. Bg5 $44) 21... Ng7 $5 $13 (21... h5 22. Bf3 h4 23.
g4 Ng7 (23... Ng3 24. hxg3 hxg3 25. Rf1 $18) 24. Nh3 $18) (21... Rf7 22. Bb2 h5
23. Bf3 (23. Bh3 $2 g5 $19) 23... h4 24. g4 Ng3 $2 (24... Nxd4 25. cxd4 Rxf4
26. Bc1 $5 (26. c3 $5 {(/\ Bc1)}) 26... Rxd4 27. Be3 Nc6 28. Bxd4 Nxd4 29. Qd1
Nxf3+ (29... Nc6 30. Bxd5 $1 $40) 30. Qxf3 $13) 25. Qe3 $1 $16 {(/\ Nh3-g5)}))
20... Raf8 21. Bh3 $2 Rf7 (21... Ng7 $5) 22. Qd2 Rhf8 23. Bb2 Ng7 (23... h5
$142 24. Bg2 (24. Ng2 g5 $1 25. Qxg5 Nxd4 $5 $40 26. Nf4 (26. Rxf7 Qxf7 (26...
Ne2+ $5) 27. cxd4 $4 Qf2+ 28. Kh1 Qf1+ $19) 26... Rxf4 $19) 24... Ng7 $1 (24...
g5 $4 25. Nh3) (24... h4 $2 25. g4 Nh6 (25... Ng3 26. Nh3 $1) 26. g5 Nhf5 (
26... Ng4 $2 27. Rff1 $16) 27. Bh3 $16) 25. h4 g5 26. hxg5 h4 27. gxh4 (27. g4
Qxc2 $5 (27... Ng6 $5) 28. Qe3 Qb3 $17 (28... Qh7 $2 29. Raf1 $16) 29. Z0 Rxf4
$140 30. Rxf4 Rxf4 31. Qxf4 Qxb2) 27... Qxh4 $36) 24. Raf1 $138 Qg8 $2 (24...
g5 25. Nxd5 $8 Rxf2 26. Rxf2 Rxf2 27. Nf6+ (27. Qxf2 $2 Nxd5 28. Qf7+ Ne7 29.
Bxe6+ Kd8) 27... Rxf6 28. exf6 $15) 25. Qe2 Ngf5 (25... g5 $4 26. Nxe6 $1 Nxe6
27. Bxe6+ Kxe6 28. Rf6+ $18) 26. Bc1 $16 Qh7 27. Nxe6 $2 (27. Qe1 $5) (27. Bg4
$5) 27... Kxe6 28. g4 Nxd4 $1 (28... Nh4 $2 29. Rf6+ Rxf6 30. exf6+ Kd7 31.
Bxh6 Rf7 32. Bg5 $16 (32. Qe5 $5)) 29. cxd4 Rxf2 30. Rxf2 Rxf2 31. Qxf2 g5 $8
32. c3 $2 (32. Bd2 Qf7 $15) (32. Qf6+ $142 Kd7 33. Bd2 $1 (33. e6+ Kd6 (33...
Kc6 34. Bd2 a5 35. Qf7 $142 (35. c3 Bd1 $5 {(/\ Kb5-a4)} 36. Qf7 $5 Qxf7 37.
exf7 Ng6 38. a4 $5 Kd6 (38... Bxa4 39. Bc1 Z0 40. Ba3) 39. Bc1 Ke6 40. Bg2 Bxg4
41. h4 Kxf7 (41... gxh4 42. Bxh6 Kxf7 43. Bxd5+ Be6 44. Be4 $15) 42. hxg5 hxg5
43. Bxd5+ (43. Bxg5 Ke6 44. Bd8 $140 b5 $1 45. axb5 a4 46. b6 Nf8 47. b7 Nd7
48. Bg5 a3 49. Bc1 a2 50. Bb2 Kd6 51. Kf2 Be6 $17 {(/\ Kc7-b7)}) 43... Be6 $15)
35... Qxf7 (35... Bxc2 36. Qe8+ Kb7 37. Bg2 $1 $13 (37. Qd7+ $2 Ka6 38. a4 Bxa4
$1 39. Qxa4 Qd3 $17)) 36. exf7 Ng6 37. Bg2 Bxc2 38. h4 Kd6 39. hxg5 hxg5 40.
Bxg5 $13) 34. Bd2 a5 35. Be1 Bxc2 36. Bg3+ Kc6 37. Qf8 (37. Qe5 $5) 37... Kb5
38. Qd8 $5 $132 (38. Qe8+ Nc6 $17)) 33... Qe4 (33... Qxc2 $6 34. e6+ $40) (
33... Qg6 $2 34. Bb4 Qxf6 35. exf6 Ng6 36. f7 $18) 34. Bb4 Qe3+ (34... Qxd4+ $2
35. Kh1 Qd1+ (35... Qe4+ 36. Bg2 $18) 36. Bf1 Kc8 $8 37. Qf7 $40) 35. Kg2 Bxc2
$5 (35... Qe4+ 36. Kf1 $5 Qh1+ 37. Kf2 Qxh2+ 38. Bg2 Qf4+ 39. Qxf4 gxf4 40.
Bxe7 Kxe7 41. Bxd5 $16) (35... Qe2+ 36. Kh1) 36. Qxe7+ Kc6 37. Qe6+ Kb5 38.
Qd7+ (38. Qxd5+ $4 Ka4 $19) 38... Ka6 39. Qc8+ $11) 32... Qd3 $2 (32... Qf7 $15
) (32... Qb1 $142 $1 $17) 33. Bf1 Qxc3 $6 (33... Qd1 34. Qf6+ Kd7 35. Qd6+ Ke8
36. Be3 $8 (36. e6 $2 Qxg4+ (36... Nc8 $19) 37. Bg2 Nc8 (37... Kf8 38. Qe5 $5)
38. Qxd5 Qd1+ 39. Bf1 (39. Kf2 Qxc1 40. Qxc4 Qc2+ 41. Kg3 Ne7 $19) 39... Qxc1
40. Qxc4 Qe3+ 41. Kh1 Qe4+ $19 42. Kg1 (42. Bg2 Qe1+ 43. Bf1 Kd8 $5 $19) 42...
Qc6 (42... Bc6)) 36... Qxg4+ 37. Bg2 $132 {(/\ Qh6, /\ e6)} (37. Kf2 Qh4+ $1
38. Kg1 Bd7 $17)) 34. Bd2 Qxa3 (34... Qb2 35. Qf6+ Kd7 36. e6+ (36. Qd6+ Ke8
37. Be3) 36... Kc6 37. Bb4 Ng8 38. Qg7 $40 Z0 39. Qd7# $140) 35. Qf6+ Kd7 36.
Qxh6 Qb2 $2 (36... Qf3 $132) 37. Be3 $16 Bc2 $4 38. Qd6+ Ke8 39. e6 $18 Ba4 40.
Qb8+ Nc8 41. Qxc8+ Ke7 1-0

[Event "Berkeley East Bay CC"]
[Site "Berkeley"]
[Date "2005.03.29"]
[Round "1"]
[White "Stein, Alex"]
[Black "Atalik, Suat"]
[Result "1-0"]
[WhiteElo "2362"]
[BlackElo "2560"]
[Annotator "Atalik,S"]
[PlyCount "113"]
[EventDate "2005.03.29"]
[EventType "tourn"]
[EventRounds "10"]
[EventCountry "USA"]
[EventCategory "9"]
[SourceTitle "CBM 107"]
[Source "ChessBase"]
[SourceDate "2005.08.01"]
[SourceVersion "1"]
[SourceVersionDate "2005.08.01"]
[SourceQuality "1"]

1. e4 e6 2. d4 d5 3. Nc3 Bb4 4. e5 c5 5. a3 Bxc3+ 6. bxc3 Ne7 7. a4 $5 {
Fischer's preference!} Qa5 8. Bd2 {is the universal choice.} (8. Qd2 Nbc6 9.
Nf3 Bd7 10. Ba3 (10. Be2 Rc8 11. Ba3 cxd4 12. cxd4 Qxd2+ 13. Kxd2 Nf5 14. Bb2
Na5 $132) 10... cxd4 11. cxd4 Qxd2+ 12. Kxd2 Nf5 13. c3 Na5 $132) 8... Nbc6 9.
Nf3 Bd7 10. Bb5 $1 {Considered to be the best!} c4 {Black has a lot of
variations to his disposal in this position.} 11. O-O f6 $6 12. Qe2 $5 O-O $1 {
Here I have made a good decision to castle kingside.} (12... O-O-O 13. Rfb1
Rhe8 14. Qe1 Nf5 15. Bc1 h5 16. Ba3 Kb8 17. Rb2 Ka8 18. Rab1 Qc7 $14) (12...
Qc7 13. Bf4 Nf5 14. h3 O-O 15. Bh2 Qd8 16. Rfe1 $16) (12... Kf7 $2 13. Rab1 a6
14. exf6 gxf6 15. Bxc6 Bxc6 16. Rfe1 $18) 13. Rfb1 $2 {White's rooks stands
peculiar on a and b lines.} (13. exf6 $1 gxf6 $1 (13... Rxf6 14. Ne5 Qc7 15.
Bg5 Rf5 16. Bxe7 Nxe5 17. dxe5 Rxe5 18. Qg4 Bxb5 19. Qg3 Qxe7 20. Qxe5 Bc6 21.
a5 $16)) 13... h6 $4 {A very bad move.} (13... Qc7 $1 {Since the queen has
nothing to do on a5 it was time to retrieve it.} 14. exf6 gxf6 $13 15. Nh4 e5
$1 $40) 14. Bxc6 $1 (14. exf6 Rxf6 15. Ne5 Qc7 16. Ng4 Rff8) 14... bxc6 $2 (
14... Bxc6 15. exf6 Rxf6 16. Ne5 Nf5 $1 17. Nxc6 (17. Ng4 Rg6 18. Ne5 Rf6 $11 {
is the reason why I have rejected this variation.}) 17... bxc6 18. Rb7 Raf8 $13
) 15. Rb7 (15. exf6 Rxf6 16. Ne5 Qc7 17. Ng4 (17. a5 $5 Raf8 18. a6 Bc8) 17...
Rff8 18. Qe5 Qxe5 19. Nxe5 Be8 20. Bc1 Ng6 21. Ba3 Rf5 22. Bd6 Nxe5 23. Bxe5
Bg6 $16) 15... Qd8 16. exf6 Rxf6 17. Ne5 $2 {He had a better move.} (17. Qe5 $1
Bc8 18. Rb2 c5 (18... Ng6 19. Qg3) 19. Rab1 Nc6 20. Qg3 $16 {is real a
nightmare for black!}) 17... Bc8 18. Rb2 Qc7 19. Rab1 (19. Qh5 Ba6 20. Rab1 c5
21. Be3 Nf5 22. Qh3 $16) 19... c5 20. Rb5 cxd4 21. cxd4 Nc6 22. Nxc6 (22. Rc5
$2 Nxd4 $1 23. Rxc7 Nxe2+ 24. Kf1 Nd4 $1 (24... c3 $2 25. Kxe2 Ba6+ (25... cxd2
26. f3 $16) 26. Ke3 cxd2 27. f3 Rf5 28. Nc6 $16 {is a very bad ending for
black!}) 25. Bc3 Nxc2 (25... Nf5 $2 26. g4 Nd6 27. Nc6 Rf7 28. Ne7+ Kh7 29. Re1
Ne4 30. Rxe4 dxe4 31. Rxc8 Rxc8 32. Nxc8 e3 33. Be1 exf2 34. Bxf2 a6 35. Ke2
$18) 26. Nc6 d4 $1 27. Nxd4 Nxd4 28. Bxd4 Rf7 $17) 22... Qxc6 23. c3 $6 {Slow!}
(23. Qe5 $1 Ba6 24. R5b4 Raf8 25. Be3 Qe8 $16) 23... Ba6 {I did not want to
surrender the 7th rank!} (23... Bd7 24. Qe5 Be8 25. Rb7 $16) 24. R5b4 Raf8 25.
f3 Qe8 26. Be1 Qg6 27. Bg3 Qd3 28. Qe1 Bc8 29. Rd1 $16 Qf5 (29... Qc2 30. a5
Rg6 31. Qd2 Qxd2 32. Rxd2 $16) 30. Rd2 (30. Bd6 Re8 31. a5 $16) 30... Kh7 $6 {
I have lost the trend of the game.} (30... Bd7 31. a5 (31. Rb7 $2 Bxa4 32. Ra2
Bb3 33. Raxa7 R6f7 $14) 31... Bc6 32. Re2 $16) 31. a5 Rg6 32. Qe5 $1 $18 Qxe5
33. dxe5 Ba6 (33... Rg5 34. Rb8 Rgf5 35. Ra8 a6 36. Rb2 $18) 34. Rdb2 Rg5 $2 {
After this I am simply losing!} (34... h5 $142 $1 35. Rb8 Rf7 36. Ra8 Rg5 $1 (
36... h4 37. Bxh4 Rxf3 38. Rxa7 $18) 37. Bf2 Rxe5 38. Bxa7 d4 39. Bxd4 Rxa5 40.
Re2 $16) (34... d4 35. cxd4 Rd8 36. Bf2 Rd5 37. Ra2 Bb5 38. a6 $18) 35. Rb8
Rgf5 (35... Rf7 36. Re8 d4 37. cxd4 Rc7 38. Rxe6 c3 39. Rc2 Bd3 40. Rc1 c2 41.
Kf2 $18) 36. Rxf8 {The right move!} (36. Bf2 $2 Rxb8 37. Rxb8 Rxe5 38. Ra8 d4 (
38... Re2 39. Rxa7 Bb5 40. Bd4 e5 41. Kf1 exd4 42. Kxe2 dxc3 43. Rb7 Ba4 44.
Rb1 d4 45. a6 Bc6 46. a7 d3+ 47. Ke3 Ba8 48. Rb8 Bd5 49. a8=Q $18) 39. Bxd4
Rxa5 40. Rxa7 e5 41. Bxe5 Rxe5 42. Rxa6 Re3 $11) 36... Rxf8 37. Bf2 Ra8 (37...
Rf7 38. Rb8 Kg6 39. Ra8 Bb5 40. Rxa7 Rxa7 41. Bxa7 Kf5 42. Bd4 $18) 38. Bc5 Kg8
$138 {Whatever black does he is lost!} (38... g5 39. Kf2 Kg6 40. g4 $18) (38...
Kg6 39. Kf2 (39. g4 Kf7 40. f4 g6 41. Kf2 Ke8 42. Ke3 Kd7 43. Kd4 Kc6 44. f5
gxf5 45. gxf5 exf5 46. e6 $18)) 39. Kf2 Kf7 40. Ke3 (40. Bd6 $18 {is another
way to win.}) 40... Ke8 41. Bd6 Bc8 (41... Kd7 42. Rb8 Rxb8 43. Bxb8 Kc6 44.
Bxa7 Kb5 45. Bb6 Bc8 46. Kd4 Kc6 47. Bc5 g6 48. g4 Ba6 49. f4 Bc8 50. Bf8 h5
51. gxh5 gxh5 52. Be7 Bd7 53. a6 Kb6 54. f5 $18) 42. Rb5 $1 $18 {Actually I
should have resigned right here.} g6 43. Rc5 a6 44. Rc7 Bd7 45. Kd4 Kd8 46. g3
Ke8 (46... Rc8 47. Ra7 Rc6 48. g4 h5 49. gxh5 gxh5 50. f4 $18) 47. h4 Kd8 48.
h5 $5 {Alan made things look fancy.} (48. g4 g5 49. h5 Ke8 50. Rb7 $1 {Simple
chess he does not have to give me counterchances.} (50. f4 $6 gxf4 51. g5 hxg5
52. h6 g4 53. h7 Kf7 54. Rxd7+ Kg6) (50. Bf8 $6 Kxf8 51. Rxd7 Rb8) 50... Rc8
51. Ra7 Rc6 52. Bc5 $18) 48... gxh5 49. f4 Ba4 50. Rh7 Be8 51. f5 exf5 52. e6
Rc8 (52... Ba4 53. Bc7+ Kc8 54. Bb6 $18) 53. Rxh6 Ra8 54. Rh7 Bg6 55. Rd7+ Kc8
56. Bf4 Be8 57. Rc7+ {An awful start for me.} 1-0

[Event "Mar del Plata op 34th"]
[Site "Mar del Plata"]
[Date "2003.04.16"]
[Round "6"]
[White "Kanefsck, Gustavo"]
[Black "Atalik, Suat"]
[Result "0-1"]
[WhiteElo "2388"]
[BlackElo "2568"]
[Annotator "Atalik,S"]
[PlyCount "60"]
[EventDate "2003.04.12"]
[EventType "swiss"]
[EventRounds "9"]
[EventCountry "ARG"]
[SourceTitle "EXT 2004"]
[Source "ChessBase"]
[SourceDate "2003.11.25"]
[SourceVersion "1"]
[SourceVersionDate "2003.11.25"]
[SourceQuality "1"]

1. e4 e6 2. d4 d5 3. Nc3 Bb4 4. e5 Ne7 ({Usually I play} 4... c5 {in this
position.} {However Gustavo plays} 5. Bd2 {with a very solid approach.}) 5. a3
(5. Bd2 b6 $5) 5... Bxc3+ 6. bxc3 c5 7. a4 {I have started to think that this
move from Fischer's time should really be out fashioned.} ({One has to play} 7.
Qg4 {to generate maximum effect these days.}) (7. Nf3 Qc7 {may lead to similar
things.} {Unless} 8. h4 $5 b6 9. Bb5+ Bd7 10. Bd3 Ba4 11. Kf1 Nd7 12. h5 h6 13.
g3 O-O-O 14. Kg2 Kb7 15. Bf4 Rc8 16. Ra2 Qd8 17. Nh2 $13 {a la Shirov creates
some interesting play.}) 7... Qc7 ({After} 7... Qa5 {Gustavo likes} 8. Bd2 Nbc6
9. Nf3 Bd7 10. Bb5 $1) 8. Nf3 b6 9. Bb5+ {Typical maneuver preventing the
exchange of bishops.} Bd7 10. Bd3 Nbc6 11. O-O h6 {Necessary before castling.}
(11... O-O $2 {looks unnecessarily dangerous.} 12. Bxh7+ Kxh7 13. Ng5+ Kg6 14.
Qd3+ Nf5 (14... f5 15. Bf4 Qb7 16. Qg3 $40) 15. g4 f6 16. gxf5+ exf5 17. exf6
Rh8 18. Nh3 $40) 12. Re1 O-O 13. Ba3 {Forcing blacks next.} ({Black seems to
defend himself in all these lines.} 13. Bf4 Ng6 14. Bg3 (14. Be3 cxd4 15. Bxd4
Na5 $132) (14. Bd2 a5 $5 {Predrag Nikolic.}) 14... cxd4 15. Nxd4 Na5 16. Qg4
Qxc3 17. Rad1 (17. Ne2 Qc7 18. Bxg6 fxg6 19. Qxg6 Bc8 $1) 17... Nc6 18. Nb5 Qb4
$13) 13... Na5 14. dxc5 bxc5 15. Nd2 Bxa4 16. Qg4 Be8 $1 $146 {Sergey Ivanov's
brainchild!The move allows Na5-c6 even after the text since Be8 would not be
en prise like Bd7 after tactics.} (16... Bd7 17. Nf3 Rab8 18. Bc1 Kh8 19. Qh3
$1 Ng8 20. g4 $1 Bb5 21. g5 Bxd3 22. cxd3 $16 {Colovic-Komarov,Barletta 1999.
White has an unstoppable attack.}) 17. Nf3 (17. c4 Bd7 $1 $132 (17... Nac6 $6
18. cxd5 Nxd5 (18... exd5 19. Bxc5 Nxe5 20. Qd4 $16) 19. Qe4 f5 20. exf6 Nxf6
21. Qc4 $14) 18. Nf3 $140 Nxc4) 17... Nac6 $1 18. Bc1 $6 {This may well be the
source of whites later headaches.} (18. c4 Nb4 19. cxd5 Nexd5 (19... exd5 20.
Bxb4 cxb4 21. Qxb4 a5 22. Qh4 $16) 20. Be4 Bc6 21. Bc1 Rae8 (21... Kh8 22. Qh3
f5 23. exf6 Nxf6 24. Bg6 $16) (21... f5 22. exf6 Nxf6 23. Qxe6+ Kh8 (23... Rf7
24. Bxc6 Nxc6 25. Be3) 24. Bxc6 Qxc6 25. Qxc6 Nxc6 26. Be3 $14) 22. Qh4 f5 23.
exf6 Nxf6 24. Bf4 Qe7 (24... e5 25. Bxe5 Rxe5 26. Nxe5 Bxe4 27. Rxe4 Nxc2 28.
Rc1 Nxe4 29. Qxe4 Nb4 30. Qc4+ Kh7 31. Qe4+ $11) 25. Bxc6 Nxc6 $11) 18... f5 {
In this point I was in between the text and to turn the pawn right away.} (
18... Nf5 $5 19. Bxf5 (19. c4 dxc4 20. Qxc4 (20. Bxc4 Nb4) (20. Bxf5 exf5 21.
Qxc4 Bd7 22. Qxc5 $11) 20... Nb4 21. Bxf5 exf5 22. Be3 Rc8) 19... exf5 20. Qxf5
Nd8 $15 {I like black's prospects!}) 19. exf6 Rxf6 20. c4 (20. Rxe6 $2 Bd7 21.
Bxh6 $2 Rxh6 $19 {is the tactical point.}) 20... Bg6 $1 {After a long thought
I have decided for the text.} ({However} 20... Bd7 {was only looking
interesting.} 21. Ba3 e5 $1 (21... Nb4 22. cxd5 Nxd3 23. cxd3 Nxd5 24. Ne5) (
21... Qd6 22. cxd5 exd5 23. Qg3 Qxg3 24. hxg3 c4 25. Bxc4 (25. Bxe7 Rf7 $1 $11)
25... dxc4 26. Bxe7 Re6 27. Rxe6 Bxe6 28. Ra6 Bd5 29. Bc5 $11) 22. Qg3 Nf5 23.
Bxf5 Bxf5 24. Nxe5 $1 (24. cxd5 Rg6 25. Qh4 Nd4 26. Nxd4 exd4 $15) 24... Nd4
25. Ng4 Qxg3 26. Nxf6+ gxf6 27. hxg3 Nxc2 28. cxd5 c4 $13) 21. Bb2 $6 {Draw
offer.} ({White was unable to calculate} 21. Rxe6 $1 Qd7 22. cxd5 Bxd3 $8 ({
I have noticed that after} 22... Nxd5 $2 {White can sac his queen.} 23. Rxf6 $3
Qxg4 24. Rxg6 Qc8 (24... Qh5 25. Rxc6 $18) 25. Bxh6 $18) 23. cxd3 Nxd5 24. Re4
Qxg4 25. Rxg4 Rb8 26. Be3 $1 $11 (26. Rc4 $6 Rb5 27. Be3 Na5 $1 28. Rac1 Nb3
29. Rb1 Rfb6 $15)) 21... Bf5 $1 {I have assumed that white has missed this.} (
21... d4 22. Ba3 (22. Rxe6 Qc8 23. Rae1 Nd8 $1 (23... Rxe6 $6 24. Qxe6+ Qxe6
25. Rxe6 Rb8 26. Ba3 Bxd3 27. cxd3 Rb1+ 28. Re1 Rxe1+ 29. Nxe1 Nb4 30. Kf1 $11)
(23... Bf7 $6 24. R6e4 Qxg4 25. Rxg4 Bh5 26. Rge4 Bxf3 27. gxf3 Ng6 28. Ba3 Nb4
29. Bxb4 cxb4 30. Rxd4 Nf4 $11) 24. R6e4 Bxe4 25. Qxe4 Ng6 (25... Re6 26. Qh7+
Kf8 $13) 26. Qe8+ Nf8 $15 {Black holds everything together.}) 22... Bf5 23. Qg3
Qxg3 24. hxg3 Nb4 25. Bxb4 cxb4 26. Nxd4 Bxd3 27. cxd3 $14) 22. Qh5 $2 {
It was imperative to exchange the queens.} (22. Qg3 Qxg3 23. hxg3 Rff8 $1 (
23... Rf7 24. Ba3 Nb4 25. Ne5 Bxd3 26. cxd3 Rff8 27. Nd7 Nc2 28. Nxf8 Kxf8 29.
Bxc5 Nxa1 30. Rxa1 dxc4 31. dxc4 a5 32. Rb1 $14) 24. Bxf5 exf5 25. Ba3 dxc4 26.
Bxc5 Rfe8 (26... Rf7 27. Re6 Rc8 28. Ra6 Rc7 29. Bxe7 Nxe7 30. Ne5 Rf6 31. Rxf6
gxf6 32. Rxf6 Kg7 $11) 27. Ra6 c3 (27... Rac8 28. Bxe7 Rxe7 29. Rxe7 Nxe7 30.
Rxa7 Nc6 $11) 28. Nd4 Nxd4 29. Bxd4 Nd5 30. Rxe8+ Rxe8 31. Ra5 (31. Rxa7 Re4 $1
$36) 31... Re1+ 32. Kh2 Nf6 33. f3 Re2 $11) 22... d4 23. Ba3 Ng6 $3 {I have
really calculated deep in this moment.} (23... Qd6 {I have undrerstood that if
I try to hang on my pawn I won't get much.} 24. Nd2 $44) 24. Bxf5 exf5 25. Bxc5
Nf4 26. Re8+ $8 ({After} 26. Qh4 Rg6 $19 {Whites queen is under real danger.})
26... Rxe8 27. Qxe8+ Kh7 {This is the critical position.} {This move looks
like the most natural one but loses fantastically.} 28. Re1 $2 ({There is no
clear win after} 28. Qe1 $1 Rg6 29. g3 Qb7 (29... Re6 30. Qd2 Ne2+ 31. Kg2 Re4
32. Qd3 Qf7 $40) 30. Qf1 (30. Qd1 $2 Ne5) 30... Qb2 $1 $40 {but white has an
unpleasant position.} (30... Na5 $2 {Stefanova} 31. Nh4 Nxc4 32. Nxg6 Nd2 33.
Nxf4 $18) (30... Ne6 31. Ba3 $15)) (28. Nxd4 $4 Nxd4 29. Bxd4 Re6 30. Qf8 Ne2+
31. Kf1 Nxd4 $19) (28. Bxd4 $4 Re6 $19) (28. g3 Ne6 29. Ba3 Ne5 30. Nxe5 Qxe5
$17) 28... Qa5 $3 $19 {Danger comes from an unexpected direction!Very similar
to Miezis-Atalik,New York(Open)1998.} 29. Bxd4 {Going into the mouth of the
cannon!} (29. Bf8 Ng6 $1 {Strangely there ain't no place for the white's
bishop over the board.} 30. Bxg7 Kxg7 31. Qd7+ Kg8 32. Re8+ Nf8 $19) (29. Be7
Rg6 30. g3 Qc3 $19) 29... Nxd4 30. Nxd4 Re6 $1 {White has to lose a piece!} (
30... Re6 31. Rxe6 Nxe6 $19) 0-1

[Event "EU-ch 2nd"]
[Site "Ohrid"]
[Date "2001.06.13"]
[Round "12"]
[White "Galkin, Alexander"]
[Black "Atalik, Suat"]
[Result "1/2-1/2"]
[WhiteElo "2584"]
[BlackElo "2537"]
[Annotator "Atalik,S"]
[PlyCount "19"]
[EventDate "2001.06.01"]
[EventType "swiss"]
[EventRounds "13"]
[EventCountry "YUG"]
[SourceTitle "CBM 084"]
[Source "ChessBase"]
[SourceDate "2001.09.13"]
[SourceVersion "1"]
[SourceVersionDate "2001.09.13"]
[SourceQuality "1"]

1. e4 e6 2. d4 d5 3. Nc3 Bb4 4. e5 Ne7 5. a3 Bxc3+ 6. bxc3 c5 7. Nf3 b6 8. a4
Qc7 9. Bb5+ Bd7 10. Bd3 (10. Bd3 Nbc6 11. O-O h6 12. Re1 O-O $13) 1/2-1/2